Political organizing in grassroots politics /

Bibliographic Details
Main Author: Russell, Daniel M., 1948-
Format: Book
Language:English
Published: Lanham, MD : University Press of America, [1990]
Subjects:

MARC

Tag First Indicator Second Indicator Subfields
LEADER 00000cam a2200000 a 4500
001 in00001371821
005 20151006092011.0
008 890823s1990 mdu b 001 0 eng
010 |a  89022757  
020 |a 0819176184 (alk. paper) 
020 |a 0819176192 (pbk. : alk. paper) 
035 |a (OCoLC)20319783 
035 |9 AHJ9427AM 
040 |a DLC  |c DLC  |d TXA  |d UtOrBLW 
043 |a n-us---  |a n-us-ma 
049 |a TXAM 
050 0 0 |a HN80.B7  |b R87 1990 
082 0 0 |a 322.4/4/0973  |2 20 
100 1 |a Russell, Daniel M.,  |d 1948- 
245 1 0 |a Political organizing in grassroots politics /  |c Daniel M. Russell. 
264 1 |a Lanham, MD :  |b University Press of America,  |c [1990] 
264 4 |c ©1990 
300 |a xiv, 155 pages ;  |c 24 cm. 
336 |a text  |b txt  |2 rdacontent 
337 |a unmediated  |b n  |2 rdamedia 
338 |a volume  |b nc  |2 rdacarrier 
536 |a Dr. Paul P. Van Riper Collection, Department of Political Science. 
504 |a Includes bibliographical references (pages 147-150) and index. 
610 2 0 |a Boston ACORN (Organization) 
650 0 |a Community organization  |z Massachusetts  |z Boston  |x Case studies. 
610 2 0 |a ACORN (Organization) 
650 0 |a Community organization  |z United States  |x Case studies. 
999 |a MARS 
999 f f |s 5eeea6d2-4813-357a-9dea-b5529b1de895  |i a0afe8b2-c1ad-36a8-a97a-ee80323905f7  |t 0 
952 f f |p ric  |a Texas A&M University  |b Rellis Campus  |c Joint Library Facility  |d Remote Storage  |t 0  |e HN80.B7 R87 1990  |h Library of Congress classification  |i unmediated -- volume  |m A14821250015 
998 f f |a HN80.B7 R87 1990  |t 0  |l Remote Storage